Visualizzazione normale
Vista MARC
- Wilson Richard
di Personal Name
Records bibliografici associati: 1
001 - CONTROL NUMBER
- control field: 36929
003 - CONTROL NUMBER IDENTIFIER
- control field: IT-RoPau
005 - DATE AND TIME OF LATEST TRANSACTION
- control field: 20151125153750.0
008 - FIXED-LENGTH DATA ELEMENTS
- fixed length control field: 151125|| aca||aabn | a|a d
040 ## - CATALOGING SOURCE
- Original cataloging agency: IT-RoPau
- Transcribing agency: IT-RoPau
100 ## - HEADING--PERSONAL NAME
- Personal name: Wilson Richard
- Relator term: (regista)
- Miscellaneous information: Codice secondo regista SPICS: 20546
670 ## - SOURCE DATA FOUND
- Source citation: Work cat.: (IT-RoPau)104653: Welles Orson Codice regista SPICS: 502 36923, IT'S ALL TRUE - E' TUTTO VERO IT'S ALL TRUE - E' TUTTO VERO (Rif. Codice opera principale : E1317)